000 00628nam a2200217Ia 4500
005 20260415173413.0
008 008 250505s9999 xx 000 0 eng d
020 _a978-1-5297-3375-4
037 _aTextBook
040 _aFEDL
_beng
_cFEDL
041 _aeng
_2eng
084 _a001.42 SHA/R
_qFEDL
100 _aSharma Vaibhav
_9783659
245 0 _aNormative survey method of educational research
260 _aNew Delhi, India
_bSarup Book
_c2023
300 _a250p.
365 _aINR
_b1600
700 _a Kuldeep Kumar
_9783660
942 _cTB
_h001.42 SHA/R
999 _c1400069
_d1400069